000
00286nam a22001337a 4500
008
181226b xxu||||| |||| 00| 0 eng d
020
_a
394716868
041
_a
eng
080
_a
941
100
_a
17
101
_a
HIS
245
_a
American Violence
_c
Hofstadter, R
942
_2
udc
_c
BK
999
_c
53802
_d
53802